Countries That Start With B - Statistics

General Stats
  • This quiz has been taken 28 times
  • The average score is 13 of 17
Answer Stats
Country % Correct
Bolivia
88%
Bhutan
83%
Brazil
83%
Bahrain
75%
Bangladesh
75%
Barbados
75%
Belgium
75%
Belize
75%
Botswana
75%
Bahamas
71%
Bosnia and Herzegovina
71%
Brunei
71%
Bulgaria
71%
Belarus
67%
Benin
67%
Burundi
67%
Burkina Faso
63%
No matching quizzes found
Score Distribution
Percent of People with Each Score
Percentile by Number Answered
Your Score History
You have not taken this quiz